Alimentos que comienzan con A - Estadísticas

Estadísticas generales
  • Esta prueba ha sido intentada 5.069 veces
    3.480 desde el último reinicio
  • La puntuación promedio es 14 de 20
Estadísticas de respuestas
Imagen Hint Respuesta % Correcto
Arroz
100%
Agua
99%
Aguacate
97%
Almendra
95%
Ajo
93%
Albóndigas
93%
{Aros} de Cebolla
92%
Azúcar
87%
Alcachofa
82%
Aceitunas
75%
Atún
66%
Albaricoque
65%
De origen precolombino Arepa
62%
Asado
55%
Albahaca
52%
{Anís} estrellado
48%
Anchoas
43%
La planta de donde se extrae la tequila Agave azul
25%
Fruta de una palmera brasileña Açaí
21%
Absenta
11%
No se encontraron pruebas coincidentes
Distribución de puntuación
Porcentaje de gente con cada puntuación
Porcentaje por número respondido
Historial de tus puntuaciones
No has intentado esta prueba desde el último reinicio